| 000 | 00747nam a2200289 a 4500 | ||
|---|---|---|---|
| 001 | 000114322 | ||
| 003 | CHAP | ||
| 005 | 20220329144436.0 | ||
| 008 | 180111s1993 es a |r| ||||||spa d | ||
| 010 | _a110783 | ||
| 011 | _a111755 | ||
| 020 | _a8480310596 | ||
| 040 | _cCHAP | ||
| 082 | 0 | 4 |
_a575 _bF36 |
| 100 | 1 |
_aFernández Ruiz, Benjamín _9134259 |
|
| 245 | 1 | 3 |
_aLa vida origen y evolución / _cpor Benjamín Fernández Ruiz. |
| 260 |
_aBarcelona : _bSalvat, _c1993. |
||
| 300 |
_a96 p. : _bil. |
||
| 490 | _aTemas clave | ||
| 590 |
_aE5765TAJ _b05 _c20180111 _lUCH01 _h0848 |
||
| 650 | 1 | 4 |
_aEvolución. _939007 |
| 650 | 1 | 4 |
_aVida _xOrigen. _9119147 |
| 830 | 0 |
_aTemas clave _9112138 |
|
| 901 | _aBK | ||
| 942 | _cLIBRO | ||
| 942 | _n0 | ||
| 999 |
_c110783 _d110783 |
||